[Event "AUTO-ADV-4866"]
[Site "http://www.queenalice.com/game.php?id=1864365"]
[Date "2025.10.16"]
[Round "2"]
[White "IranSilva"]
[Black "EdsonEstevam"]
[Result "1-0"]
[WhiteElo "2252"]
[BlackElo "1752"]

1. Nf3 d5 2. d4 Nc6 3. Bf4 Nf6 4. e3 Bg4 5. Be2 e6 6. Nbd2 Bd6 7. Ne5 Bxe2 8.
Qxe2 h6 9. Ndf3 Ne4 10. O-O g5 11. Nxc6 bxc6 12. Be5 g4 13. Nd2 Bxe5 14. Nxe4
dxe4 15. dxe5 h5 16. Rad1 Qg5 17. Qc4 Qxe5 18. Qxc6+ Kf8 19. Qxa8+ Kg7 20. Qxa7
h4 21. Qd4 Qxd4 22. Rxd4 f5 23. Rd7+ 1-0

[Event "AUTO-OPEN-4622"]
[Site "http://www.queenalice.com/game.php?id=1865042"]
[Date "2025.11.3"]
[Round "1"]
[White "EdsonEstevam"]
[Black "IranSilva"]
[Result "0-1"]
[WhiteElo "1774"]
[BlackElo "2262"]

1. d4 d5 2. Bf4 Nf6 3. Nc3 c6 4. e3 Bf5 5. Bd3 Bxd3 6. Qxd3 e6 7. Nf3 Bd6 8.
Bxd6 Qxd6 9. Ne5 Nbd7 10. Nxd7 Nxd7 11. a3 O-O 12. f4 f6 13. Rf1 e5 14. Rf3 e4
15. Nxe4 dxe4 16. Qxe4 Rae8 17. Qd3 f5 18. h3 Qd5 19. c4 Qe4 20. Qb3 Qxd4 21.
Rd1 Nc5 22. Rxd4 Nxb3 23. Rd7 Rf7 24. Rd6 Rfe7 25. Kf2 Na5 26. c5 Nc4 27. Rd3
Nxb2 28. Rb3 Na4 29. g4 Nxc5 30. Rb1 Ne4+ 31. Ke2 Nc3+ 32. Kf2 Nxb1 33. gxf5 Nd2
0-1

[Event "AUTO-OPEN-4622"]
[Site "http://www.queenalice.com/game.php?id=1865043"]
[Date "2025.11.3"]
[Round "1"]
[White "IranSilva"]
[Black "EdsonEstevam"]
[Result "1-0"]
[WhiteElo "2229"]
[BlackElo "1796"]

1. Nf3 d5 2. d4 Bf5 3. Bf4 e6 4. e3 Nf6 5. Bd3 Bxd3 6. Qxd3 Ne4 7. Nbd2 Nxd2 8.
Nxd2 Bd6 9. Bxd6 Qxd6 10. O-O Nc6 11. a3 a6 12. c4 f5 13. f3 O-O-O 14. c5 Qd7
15. b4 g5 16. Qc3 f4 17. exf4 gxf4 18. a4 h5 19. b5 Nb8 20. Rfb1 h4 21. Nb3 Rhg8
22. bxa6 Nxa6 23. Na5 c6 24. Rxb7 Qe8 25. Rb6 Qg6 26. Rxc6+ Nc7 27. Qb2 h3 28.
Qb7+ Kd7 29. Rxc7+ Ke8 30. Qb5+ Kf8 31. Qe2 Qf6 32. Qe5 Rxg2+ 33. Kh1 Qxe5 34.
dxe5 d4 35. Nc6 Rd5 36. Ne7 Rxe5 37. Rg1 Ree2 38. Rxg2 Rxg2 39. Nc6 d3 40. Rd7
d2 41. Ne5 Ke8 42. Rd3 Re2 43. Kg1 Rxe5 44. Rxd2 Rxc5 45. Ra2 Ra5 46. Kf2 e5 47.
Ke2 Kd7 48. Kd3 Kd6 49. Kc4 Rc5+ 50. Kb4 Kd5 51. a5 Rc4+ 52. Kb5 Kd4 53. a6 e4
54. fxe4 Rc5+ 55. Kb6 f3 56. a7 Rc8 57. Ra4+ Ke5 58. Kb7 Re8 59. Ra1 f2 60. Rf1
Re7+ 61. Kb6 Re6+ 62. Kb5 Re8 63. Rxf2 Kxe4 64. Re2+ Kf3 65. Rxe8 1-0

[Event "AUTO-OPEN-4622"]
[Site "http://www.queenalice.com/game.php?id=1865045"]
[Date "2025.11.3"]
[Round "1"]
[White "Fauquinelle"]
[Black "EdsonEstevam"]
[Result "1-0"]
[WhiteElo "1942"]
[BlackElo "1700"]

1. d4 d5 2. Bf4 Nf6 3. Nc3 Nc6 4. Nb5 e5 5. dxe5 Nd7 6. Qxd5 Nb4 7. Qe4 a5 8. a3
Nc5 9. Qc4 Bf5 10. axb4 axb4 11. Rxa8 Be6 12. Rxd8+ Kxd8 13. Qd4+ Nd7 14. e4 c5
15. Qd2 Be7 16. Nf3 h6 17. h3 g5 18. Bg3 g4 19. hxg4 Bxg4 20. Rxh6 Rxh6 21. Qxh6
Be6 22. Ng5 b6 23. Nxe6+ fxe6 24. Qh8+ Nf8 25. Nd6 Kd7 26. Bb5+ Kc7 27. Qg7 Kd8
28. Nb7+ 1-0

[Event "AUTO-ADV-4902"]
[Site "http://www.queenalice.com/game.php?id=1865104"]
[Date "2025.11.3"]
[Round "1"]
[White "matamuff"]
[Black "EdsonEstevam"]
[Result "1-0"]
[WhiteElo "1791"]
[BlackElo "1701"]

1. Na3 e5 2. Nc4 Nc6 3. e4 Bc5 4. d3 Nf6 5. Be3 Qe7 6. Bxc5 Qxc5 7. c3 b5 8. Ne3
d6 9. Nf3 Bg4 10. Be2 Bxf3 11. Bxf3 b4 12. O-O bxc3 13. Rc1 Nd4 14. Be2 Qa5 15.
bxc3 Nb5 16. Qc2 Rb8 17. Nc4 Qa6 18. Rb1 O-O 19. a4 c6 20. axb5 cxb5 21. Ra1 Qc6
22. Ne3 a6 23. Rfb1 Ra8 24. Qb3 a5 25. Qxb5 Qxc3 26. Qc4 Qxc4 27. Nxc4 d5 28.
exd5 Nxd5 29. Rb3 a4 30. Rba3 Nf4 31. Bf3 Ra6 32. Nxe5 Re8 33. Nc4 Rg6 34. Kf1
Rd8 35. Ne5 Re6 36. Rxa4 Rxe5 37. Rxf4 Kf8 38. Rd1 g5 39. Ra4 f5 40. Be2 g4 41.
g3 h5 42. Re1 Rd7 43. Rd1 Kg7 44. d4 Ree7 45. Bb5 Rd6 46. d5 Re5 47. Bc6 Re7 48.
Rda1 Kf6 49. Rf4 Kg5 50. Ra8 Rg7 51. Rf8 Rf6 52. Rxf6 Kxf6 53. d6 Rg8 54. Bb7
Ke5 55. d7 Rd8 56. Bc8 Kf6 57. Ra4 Rh8 58. Rd4 Ke7 59. d8=Q+ Rxd8 60. Rxd8 Kxd8
61. Bxf5 Ke7 62. Bg6 Kf6 63. Bxh5 Kg5 64. Bxg4 Kxg4 65. Kg2 Kh5 66. Kh3 Kg5 67.
f4+ Kh5 68. g4+ Kh6 69. Kh4 Kg6 70. f5+ Kh6 71. Kg3 Kg5 72. h4+ Kh6 73. Kf4 Kh7
74. g5 Kg7 75. h5 Kg8 76. Ke5 Kf7 77. h6 Kg8 78. g6 Kh8 79. g7+ Kh7 80. f6 1-0

[Event "AUTO-ADV-4905"]
[Site "http://www.queenalice.com/game.php?id=1865971"]
[Date "2025.11.22"]
[Round "1"]
[White "EdsonEstevam"]
[Black "altair"]
[Result "0-1"]
[WhiteElo "1725"]
[BlackElo "1801"]

1. e4 e5 2. Nf3 d6 3. Nc3 a6 4. d4 Nc6 5. a3 Bg4 6. Be2 h6 7. dxe5 dxe5 8. Nd2
Be6 9. h3 Nf6 10. Nf3 Bd6 11. b4 O-O 12. Qd3 b6 13. Nh4 Qe7 14. Qg3 Kh8 15. Bf3
Nd4 16. Ra2 Bxa2 17. Nxa2 Nxc2+ 18. Kd2 Nd4 19. Kc3 Nxf3 20. Nxf3 Nxe4+ 21. Kb3
Nxg3 22. fxg3 e4 23. Re1 Bxg3 24. Re2 Rfd8 25. Nc3 Qe6+ 26. Kc2 Qf5 27. a4 exf3+
0-1